| 000 | 00495nam a2200157Ia 4500 | ||
|---|---|---|---|
| 003 | SGT | ||
| 020 | _a9788131501061 | ||
| 082 |
_a5.73 _bMAL |
||
| 100 | _aMalik,D.S | ||
| 245 | _aData structures using C++ | ||
| 260 |
_bCengage Learning _aAutralia _c2010 |
||
| 300 | _a956p. | ||
| 650 | _aCOMPUTER SCIENCE | ||
| 653 | _aSOFTWARE ENGINEERING PRINCIPLES AND C++ CLASSES,OBJECT-ORIENTED DESIGN (OOD) AND C++,POINTERS AND ARRAY-BASED LISTS,STANDARD TEMPLATE LIBRARY,LINKED LISTS | ||
| 942 |
_2ddc _cBK _06 |
||
| 999 |
_c5275 _d5275 |
||